Management jako nástroj adaptace

Recenzia knihy P.F. Druckera: Řízení v turbulentní době. Praha, Management Press 1994. 215 s. Analýza jednotlivých kapitol knihy. Ako napovedá názov knihy - riadenie v turbulentnej dobe - ktoré autor prirovnáva k turbulencii vo fyzike, čo znamená nepravidelné kolísanie smeru a rýchlosti pohybu tekut...

Description complète

Enregistré dans:
Détails bibliographiques
Auteur principal: Klusoň, Václav
Autres auteurs: Drucker, Peter F.
Format: Chapitre de livre
Langue:tchèque
Sujets:
Tags: Ajouter un tag
Pas de tags, Soyez le premier à ajouter un tag!

MARC

LEADER 00000naa a2200000 4500
001 r016914
005 20221213080735.3
041 0 |a cze 
044 |a CZ 
245 1 0 |a Management jako nástroj adaptace  |c Václav Klusoň, P.F. Drucker 
520 |a Recenzia knihy P.F. Druckera: Řízení v turbulentní době. Praha, Management Press 1994. 215 s. Analýza jednotlivých kapitol knihy. Ako napovedá názov knihy - riadenie v turbulentnej dobe - ktoré autor prirovnáva k turbulencii vo fyzike, čo znamená nepravidelné kolísanie smeru a rýchlosti pohybu tekutiny, čo je fyzikálna analógia súčasného vývoja vonkajšieho prostredia organizácie. V turbulentných dobách je rovnako dôležité, aby manažment poznal reálnu situáciu podniku, ktorý riadi, aby správne ohodnotil jeho finančnú silu a pozíciu na trhu kapitálu i na trhoch ostatných ekonomických zdrojov. 
610 2 0 |a recenzie 
610 2 0 |a manažment 
610 2 0 |a manažéri 
610 2 0 |a riadenie vedecké 
610 2 0 |a pracovníci riadiaci 
610 2 0 |a riadenie podnikové 
100 1 |a Klusoň, Václav 
700 1 |a Drucker, Peter F.